| 000 | 00511nam a2200169Ia 4500 | ||
|---|---|---|---|
| 005 | 20250508155358.0 | ||
| 008 | 008 250505s9999 xx 000 0 eng d | ||
| 037 | _aBooks to be hide in OPAC | ||
| 040 |
_aFEDL _beng _cFEDL |
||
| 041 |
_aeng _2eng |
||
| 084 |
_a355, BUS/O _qFEDL |
||
| 100 |
_aBush Vannevar _9766935 |
||
| 245 | 0 | _aModern arms and free men : A discussion of the role of science in preserving democracy | |
| 300 | _a116p. | ||
| 942 |
_cHB _h355, BUS/O |
||
| 999 |
_c1356359 _d1356359 |
||